Most Populous Cities in South America - Statistics

General Stats
  • This quiz has been taken 1,751 times
  • The average score is 19 of 25
Answer Stats
Position Population Country Answer % Correct
3 11.902.701 Brazil Rio de Janeiro
100%
2 14.975.587 Argentina Buenos Aires
99%
5 10.479.899 Peru Lima
99%
1 21.048.514 Brazil São Paulo
99%
4 10.777.931 Colombia Bogota
98%
6 7.112.808 Chile Santiago
98%
8 5.622.798 Venezuela Caracas
96%
9 4.291.577 Brazil Brasilia
93%
20 3.048.419 Ecuador Quito
92%
14 3.870.058 Colombia Medellin
88%
21 2.807.111 Paraguay Asunción
86%
7 6.006.091 Brazil Belo Horizonte
81%
22 2.722.014 Brazil Manaus
76%
12 4.005.396 Brazil Recife
73%
19 3.262.157 Colombia Cali
71%
13 3.919.864 Brazil Salvador
70%
10 4.115.375 Brazil Porto Alegre
69%
17 3.375.378 Ecuador Guayaquil
68%
11 4.019.320 Brazil Fortaleza
65%
25 2.505.242 Brazil Belém
58%
15 3.487.352 Venezuela Maracaibo
55%
16 3.654.960 Brazil Curitiba
54%
18 3.342.707 Brazil Campinas
35%
23 2.613.491 Brazil Goiânia
34%
24 2.599.218 Brazil São José dos Campos
7%
No matching quizzes found
Score Distribution
Percent of People with Each Score
Percentile by Number Answered
Your Score History
You have not taken this quiz